000 00362nam a2200121Ia 4500
008 220620s9999||||xx |||||||||||||| ||und||
100 _aHuei-Tse Hou||Carolyn S. Ryan
245 0 _aBehavior Analysis
546 _aEnglish[eng]
650 _aPsychology||Social Sciences and Humanities
856 _uhttps://www.intechopen.com/books/behavior-analysis
942 _cEB
999 _c27712
_d27712